| 000 | 01938nam0a2200361 i 4500 | ||
|---|---|---|---|
| 001 | RU\NLR\BIBL_A\010355294 | ||
| 005 | 20240921170159.0 | ||
| 010 |
_a9785421801252 _9150 |
||
| 021 |
_aRU _b2014-17476 _91101 |
||
| 035 | _a(NILC)RuMoRGB-006758724 | ||
| 035 | _a(NLR Aleph) 010355294 | ||
| 090 |
_a10760826 _c10760826 |
||
| 100 | _a20140512d2012 km y0rusy50 ca | ||
| 101 | 0 | _arus | |
| 102 | _aRU | ||
| 105 | _aa|||z||||01yy | ||
| 200 | 1 |
_aФинансовые рынки: модели, риски, решения _eматериалы II Международной научно-практической Интернет-конференции, 15 ноября 2012 г. - 15 декабря 2012 г. _f[под общ. ред. д. э. н., проф. В. И. Тиняковой] |
|
| 210 |
_aВоронеж _cВоронежский ЦНТИ - филиал ФГБУ "РЭА" Минэнерго России _d2012 |
||
| 215 |
_a91 с. _cил. _d21 |
||
| 300 | _aВ надзаг.: Воронеж. гос. ун-т, Междунар. ин-т компьютерных технологий | ||
| 320 | _aБиблиогр. в конце ст. | ||
| 606 | 1 |
_aРынки финансовые _jСъезды, совещания и т.п _xМоделирование _92303141 _3RU\NLR\AUTH\661378778 |
|
| 675 | _a336.76(082) | ||
| 686 | 1 | _aУ26(0)229.5в611я431 | |
| 702 | 1 |
_aТинякова _bВ. И. _gВиктория Ивановна _4340 |
|
| 711 | 1 | 2 |
_a"Финансовые рынки: модели, риски, решения", международная научно-практическая Интернет-конференция _d2 _eВоронеж _f2012 _9401468 _3RU\NLR\AUTH\880367390 |
| 801 | 0 |
_aRU _bRuMoRKP _c20140311 _gRCR |
|
| 801 | 2 |
_aRU _bРГБ _c20140402 _grcr |
|
| 942 | _cBOOK | ||
| 980 | _aNBR | ||